000 00777nam a2200253Ia 4500
003 GCL
008 140319s9999 xx 000 0 ara d
040 _aGCL /
_cGCL
082 0 4 _aم
_b332.103
_bح م
100 1 _aحسن النجفى
245 1 0 _aمعجم المصطلحات التجارية والمصرفية انجليزى فرنسى عربى /
_cحسن النجفى
700 1 _aعمر الايوبى
260 _a[S.N] :
_bاكاديميا ،
_c1994
300 _a472 ص
490 _a
650 0 4 _aالتجارة
650 0 4 _aاللغة الفرنسية
650 0 4 _aاللغة العربية
650 0 4 _aالمعاجم
650 0 4 _aاللغة الانجليزية
650 0 4 _aالبنوك
650 0 4 _aالمصطلحات
942 _2ddc
_cBK
999 _c33031
_d33031